| 000 | 00465nam a2200157Ia 4500 | ||
|---|---|---|---|
| 005 | 20241209112014.0 | ||
| 008 | 231221s9999 xx 000 0 und d | ||
| 020 | _a9781787120426 | ||
| 082 | _a001.6424JAV NIE;1 R | ||
| 100 | _aNield, Thomas. | ||
| 245 | 0 | _aLearning RX java : build concurrent, maintainable and responsive java in less time | |
| 260 |
_c2017 _bPackt Publisher _aBirmingham |
||
| 300 | _avii, 380 | ||
| 650 | _aJava,architecture | ||
| 942 | _cAR | ||
| 999 |
_c235018 _d235018 |
||